[Event "Titled Tue 26th Aug Early"]
[Site "chess.com INT"]
[Date "2025.08.26"]
[Round "2"]
[White "Poleg, Matan"]
[Black "Brown, Akeem"]
[Result "1-0"]
[WhiteTitle "FM"]
[BlackTitle "CM"]
[WhiteElo "2277"]
[BlackElo "2063"]
[WhiteFideId "2811472"]
[BlackFideId "7402023"]
[EventDate "2025.08.26"]

1. e4 e5 2. Nf3 Nf6 3. Nc3 Bb4 4. Bc4 O-O 5. O-O d6 6. Nd5 Nxd5 7. Bxd5 c6 8.
Bb3 Bg4 9. d3 Nd7 10. h3 Bh5 11. c3 Ba5 12. g4 Bg6 13. Qe2 Nc5 14. Bg5 Qd7 15.
Nh4 Bd8 16. Bxd8 Qxd8 17. Nxg6 hxg6 18. d4 Nxb3 19. axb3 Qh4 20. Qf3 Rfe8 21.
Rfe1 Re6 22. Qg3 Qf6 23. d5 cxd5 24. exd5 Ree8 25. Re4 g5 26. Kg2 g6 27. Qf3 Qe7
28. Qd3 Kg7 29. Qe3 a6 30. b4 f5 31. Rc4 Rac8 32. Rxc8 Rxc8 33. f3 Rc4 34. Qd3
Rf4 35. Re1 e4 36. Qd4+ Kh7 37. fxe4 fxe4 38. Re3 Qf7 39. Rxe4 Rf1 40. Qe3 Kh6
41. Re7 Qf6 42. h4 Qf4 43. hxg5+ Kxg5 44. Qxf4+ Rxf4 45. Rxb7 Rxg4+ 46. Kf3 Rf4+
47. Ke3 Kf5 48. Rb6 Ke5 49. Rxd6 Re4+ 50. Kf3 Rf4+ 51. Kg3 g5 52. Rxa6 Rf1 53.
d6 Rd1 54. Ra5+ Kxd6 55. Rxg5 Rb1 56. Kf4 Rxb2 57. Ke4 Rd2 58. Rg6+ Kc7 59. Rg5
Kc6 60. Rc5+ Kb6 61. Ke3 Rd1 62. Ke2 Rd8 63. Ke3 Rd7 64. Rc4 Kb5 65. Rd4 Re7+
66. Kd3 Re1 67. Rd5+ Kb6 68. Rc5 Rd1+ 69. Kc4 Rc1 70. Kb3 Rb1+ 71. Kc2 Rh1 72.
Rc4 Rh2+ 73. Kb3 Rh1 74. Rd4 Rb1+ 75. Kc4 Rh1 76. Rd6+ Kc7 77. Kc5 Rh3 78. c4
Rh5+ 79. Rd5 Rh1 80. b5 Rc1 81. Rh5 Rg1 82. Rh7+ Kc8 83. b6 Kb8 84. Kc6 Rg6+ 85.
Kb5 Rg5+ 86. c5 Rg8 87. Ka6 Ka8 88. c6 Re8 89. b7+ Kb8 90. c7# 1-0

[Event "Titled Tue 26th Aug Early"]
[Site "chess.com INT"]
[Date "2025.08.26"]
[Round "2"]
[White "Alcazar Jimenez, Jesus Alberto"]
[Black "Mostbauer, Maximilian"]
[Result "1/2-1/2"]
[WhiteTitle "FM"]
[BlackTitle "CM"]
[WhiteElo "2172"]
[BlackElo "2202"]
[WhiteFideId "2209756"]
[BlackFideId "1626680"]
[EventDate "2025.08.26"]

1. e4 e6 2. d4 d5 3. exd5 exd5 4. Nf3 Nf6 5. c4 Be7 6. Nc3 O-O 7. h3 Nbd7 8. Be2
dxc4 9. Bxc4 Nb6 10. Bb3 c6 11. O-O Nfd5 12. a4 a5 13. Ne5 Bf6 14. Qf3 Be6 15.
Rd1 Nxc3 16. Qxc3 Nd5 17. Qg3 Qb6 18. Bc2 Nb4 19. Bb1 Rad8 20. Be3 Qc7 21. Be4
Nd5 22. Bg5 Bxg5 23. Qxg5 f6 24. Qh4 g6 25. Nd3 Qf7 26. Nc5 Bc8 27. Bc2 b6 28.
Nd3 Be6 29. Bb3 Nb4 30. Bxe6 Qxe6 31. Nxb4 axb4 32. d5 Rxd5 33. Rxd5 Qxd5 34.
Qxb4 Qd8 35. a5 bxa5 36. Rxa5 Re8 37. Ra7 Qb8 38. Rb7 Qe5 39. g3 Qe1+ 40. Qxe1
Rxe1+ 41. Kg2 Re6 42. Rb6 Kg7 43. Rb8 h5 44. Rb7+ Kh6 45. Rb3 Kg5 46. Rc3 Kf5
47. h4 Rd6 48. Kf3 Ke5 49. Rc5+ Kd4 50. Rc3 c5 51. Ke2 Re6+ 52. Kd2 Rb6 53. Rc2
c4 54. Ke2 Rb4 55. Kd2 Ke4 56. Ke2 g5 57. Rd2 gxh4 58. gxh4 f5 59. f3+ Kf4 60.
Kf2 Ke5 61. Re2+ Kf4 62. Rd2 Ke5 63. Re2+ Kf6 64. Rd2 Rb3 65. Rc2 Ke5 66. Rxc4
Rxb2+ 67. Kg3 Rb5 68. Ra4 Rc5 69. Rb4 Ra5 70. Rc4 Rb5 71. Ra4 Kd5 72. Ra3 Rb4
73. Rd3+ Ke5 74. Re3+ Kf6 75. Re2 f4+ 76. Kg2 Kf5 77. Rd2 Rb3 78. Rc2 Ra3 79.
Rc5+ Kg6 80. Rc6+ Kg7 81. Rc7+ Kf6 82. Rc6+ Ke5 83. Rc5+ Kd4 84. Rxh5 Ra2+ 85.
Kh3 Ke3 86. Kg4 Rg2+ 87. Kf5 Kxf3 88. Rg5 Rh2 89. h5 Ke3 90. Kg6 f3 91. Rf5 Rg2+
92. Kf6 Rg4 93. h6 Rh4 94. Kg7 Rg4+ 95. Kf7 Ke4 96. Rxf3 Kxf3 97. h7 Rf4+ 98.
Kg7 Rg4+ 99. Kf7 Rh4 100. Kg7 Kg4 101. h8=Q Rxh8 102. Kxh8 1/2-1/2

[Event "Titled Tue 26th Aug Early"]
[Site "chess.com INT"]
[Date "2025.08.26"]
[Round "2"]
[White "Kravtsiv, Martyn"]
[Black "Iljin, Timofey"]
[Result "1/2-1/2"]
[WhiteTitle "GM"]
[BlackTitle "IM"]
[WhiteElo "2598"]
[BlackElo "2242"]
[WhiteFideId "14113147"]
[BlackFideId "14110180"]
[EventDate "2025.08.26"]

1. e4 e6 2. d4 d5 3. exd5 exd5 4. Nf3 c5 5. Bb5+ Nc6 6. O-O Bd6 7. c4 a6 8. cxd5
axb5 9. dxc6 bxc6 10. dxc5 Bxc5 11. Qxd8+ Kxd8 12. Ne5 Be6 13. Nxc6+ Kc7 14. Ne5
Nf6 15. Nc3 b4 16. Nd3 Bc4 17. Bf4+ Kb6 18. Nxc5 Kxc5 19. Be3+ Kc6 20. Rfc1 bxc3
21. Rxc3 Kb5 22. Rac1 Rhc8 23. a4+ Rxa4 24. b3 Rb4 25. bxc4+ Rcxc4 26. Rxc4 Rxc4
27. Rd1 Kc6 28. h3 Nd5 29. Bd4 f6 30. g3 Rc2 31. Kg2 h5 32. h4 Kd6 33. Kf3 Ke6
34. Ke4 Rc4 35. Re1 Ra4 36. Rc1 Ne7 37. Kd3 Ra3+ 38. Ke2 Ra2+ 39. Kf1 Ra4 40.
Bb6 Nd5 41. Bc5 Ra8 42. Rd1 Rc8 43. Ba3 Rc3 44. Bf8 Rc8 45. Bxg7 Rc7 46. Bh6 Ne7
47. Bf4 Rc4 48. Re1+ Kf7 49. Kg2 Nd5 50. Bd2 Rc2 51. Rd1 Ke6 52. Kf3 Ra2 53. Be1
Ra3+ 54. Kg2 Ra2 55. Rd4 Ne3+ 56. Kf3 Nf5 57. Rf4 Ra3+ 58. Kg2 Ra1 59. Bc3 Rc1
60. Bb2 Rc2 61. Ba3 Ne3+ 62. Kh3 Nd1 63. Kg2 Ne3+ 64. Kg1 Ng4 65. Re4+ Kf5 66.
Rf4+ Kg6 67. Bb4 Rc1+ 68. Kg2 Rc2 69. Ba5 Ne3+ 70. Kg1 Rc1+ 71. Kh2 Ng4+ 72. Kg2
Rc2 73. Bb6 Rb2 74. Bd4 Rd2 75. Kh3 Rc2 76. Kg2 Rd2 77. Kf1 Rc2 78. f3 Ne5 79.
Bxe5 fxe5 80. Ra4 Kf5 81. Ra8 Rc3 82. Rf8+ Kg6 83. Kf2 Ra3 84. Rg8+ Kf6 85. Rg5
Ra2+ 86. Kg1 Ra3 87. Kg2 Ra2+ 88. Kh3 Ra3 89. Rxh5 Rxf3 90. Kg4 Rf1 91. Rg5 e4
92. Ra5 e3 93. Ra2 Rf2 94. Ra1 e2 95. Re1 Kg6 96. h5+ Kh6 97. Kh4 Rh2+ 98. Kg4
Rf2 99. Kh4 Rh2+ 100. Kg4 Rf2 1/2-1/2

[Event "Titled Tue 26th Aug Early"]
[Site "chess.com INT"]
[Date "2025.08.26"]
[Round "2"]
[White "Pavlov, Nikolay"]
[Black "Jasinski, Alexander"]
[Result "0-1"]
[WhiteTitle "FM"]
[WhiteElo "2316"]
[BlackElo "2063"]
[WhiteFideId "24141470"]
[BlackFideId "55627994"]
[EventDate "2025.08.26"]

1. e4 c5 2. Nf3 d6 3. d4 cxd4 4. Nxd4 Nf6 5. Nc3 Nc6 6. Bg5 e6 7. Qd2 a6 8.
O-O-O Bd7 9. f4 Be7 10. Nf3 b5 11. e5 b4 12. exf6 bxc3 13. Qxc3 gxf6 14. f5 e5
15. Bh4 Qa5 16. Qxa5 Nxa5 17. Be1 Nb7 18. Bc4 Bxf5 19. Bd5 Rb8 20. Rf1 Be6 21.
Nh4 Nd8 22. Nf5 Rg8 23. g3 Bxd5 24. Rxd5 Kd7 25. c4 Rc8 26. b3 Ke6 27. Bb4 Nb7
28. Kb2 Rg5 29. Ne3 f5 30. Bd2 Rh5 31. h4 Nc5 32. Re1 Ne4 33. g4 fxg4 34. Nxg4
Nxd2 35. Rxd2 Rxh4 36. Ne3 f5 37. Nd5 a5 38. Red1 Rg8 39. Nxe7 Kxe7 40. Rxd6
Rg2+ 41. Ka3 Rhh2 42. Rd7+ Kf6 43. R1d6+ Kg5 44. Ka4 Rxa2+ 45. Kb5 e4 46. Rd5 e3
47. Rf7 Rhf2 48. Re7 e2 49. Rde5 Rb2 50. Kxa5 Rxb3 51. Rxe2 Rxe2 52. Rxe2 f4 53.
c5 f3 54. Re8 h5 55. c6 Rc3 56. Kb6 Kg4 57. c7 h4 58. Re6 Rxc7 59. Kxc7 f2 60.
Rf6 Kg3 61. Kd6 Kg2 62. Rg6+ Kf3 63. Rf6+ Ke2 64. Re6+ Kd2 65. Rf6 Ke1 66. Re6+
Kf1 67. Re5 h3 68. Rh5 Kg2 69. Rg5+ Kf3 70. Rf5+ Kg3 71. Ke5 h2 72. Rg5+ Kf3 73.
Rf5+ Kg2 74. Rg5+ Kf1 75. Rh5 Ke1 76. Rxh2 f1=Q 77. Rh4 Kd2 78. Re4 Qh1 79. Kd4
Qg1+ 80. Ke5 Kd3 81. Rf4 Qc5+ 82. Kf6 Ke3 83. Rg4 Qd6+ 84. Kg5 Kf3 85. Rh4 Qe5+
86. Kg6 Qe6+ 87. Kg5 Qe7+ 88. Kh5 Qf7+ 89. Kg5 Qg8+ 90. Kf5 Qc8+ 91. Kg5 Qc5+
92. Kg6 Kg3 93. Rh5 Qd6+ 94. Kg5 Qe5+ 95. Kg6 Qe4+ 96. Kg5 Qf4+ 97. Kg6 Kg4 98.
Rh7 Qe4+ 99. Kg7 Kg5 100. Kg8 Qe6+ 101. Kg7 Qe5+ 102. Kg8 Kf4 103. Rf7+ Kg5 104.
Rg7+ Kh4 105. Rh7+ Kg4 106. Rg7+ Kf4 107. Rf7+ Ke4 108. Kf8 Qh5 109. Re7+ Kd5
110. Rf7 Ke6 111. Re7+ Kf6 112. Re1 Qh8# 0-1

[Event "Titled Tue 26th Aug Early"]
[Site "chess.com INT"]
[Date "2025.08.26"]
[Round "3"]
[White "Pliukha, Myhajlo"]
[Black "Atis, Hasan"]
[Result "1-0"]
[BlackTitle "CM"]
[WhiteElo "2209"]
[BlackElo "2104"]
[WhiteFideId "14164698"]
[BlackFideId "44598017"]
[EventDate "2025.08.26"]

1. e4 c5 2. d4 cxd4 3. Qxd4 Nc6 4. Qd3 Nf6 5. Nc3 e6 6. Bf4 Bb4 7. Ne2 d5 8.
O-O-O dxe4 9. Qxd8+ Nxd8 10. Nb5 Ba5 11. Bc7 a6 12. Rxd8+ Ke7 13. Rxh8 axb5 14.
Bxa5 1-0

[Event "Titled Tue 26th Aug Early"]
[Site "chess.com INT"]
[Date "2025.08.26"]
[Round "3"]
[White "Ienasoaie, Rafael"]
[Black "Oleksiyenko, Mykhaylo"]
[Result "0-1"]
[WhiteTitle "CM"]
[BlackTitle "GM"]
[WhiteElo "2168"]
[BlackElo "2569"]
[WhiteFideId "1266659"]
[BlackFideId "4152417"]
[EventDate "2025.08.26"]

1. d4 d5 2. Nc3 Nf6 3. Bf4 e6 4. e3 Bb4 5. Ne2 O-O 6. Rg1 c5 7. a3 Ba5 8. dxc5
Nc6 9. b4 e5 10. Bg5 Bc7 11. Nxd5 Qxd5 0-1

[Event "Titled Tue 26th Aug Early"]
[Site "chess.com INT"]
[Date "2025.08.26"]
[Round "3"]
[White "Mostbauer, Maximilian"]
[Black "Lindholm, Jere"]
[Result "1-0"]
[WhiteTitle "CM"]
[WhiteElo "2202"]
[BlackElo "2140"]
[WhiteFideId "1626680"]
[BlackFideId "508012"]
[EventDate "2025.08.26"]

1. d4 Nf6 2. Nf3 d5 3. g3 e6 4. Bg2 Be7 5. O-O O-O 6. b3 b6 7. Bb2 Bb7 8. Nbd2
c5 9. c4 dxc4 10. Nxc4 cxd4 11. Nxd4 Bxg2 12. Kxg2 Qd5+ 13. Kg1 Bc5 14. e3 h5
15. Nb5 Qc6 16. Bxf6 Qxb5 17. Bb2 h4 18. Qg4 f6 19. Qxe6+ Kh7 20. Qe4+ 1-0

[Event "Titled Tue 26th Aug Early"]
[Site "chess.com INT"]
[Date "2025.08.26"]
[Round "3"]
[White "Pontes, Luiz Felizola Lima"]
[Black "Gomes, Luiz Alexandre de Souza"]
[Result "0-1"]
[BlackTitle "FM"]
[WhiteElo "1871"]
[BlackElo "2254"]
[WhiteFideId "44709919"]
[BlackFideId "2102790"]
[EventDate "2025.08.26"]

1. e4 c5 2. Nf3 d6 3. d4 cxd4 4. Nxd4 Nf6 5. f3 e6 6. c4 Be7 7. Nc3 O-O 8. Be2
d5 9. e5 Nfd7 10. cxd5 exd5 11. Nxd5 Nxe5 12. Nxe7+ Qxe7 13. O-O Nbc6 14. Nxc6
Nxc6 15. Kh1 Be6 16. Bf4 Rfd8 17. Qa4 Rd4 18. Bg5 Qxg5 19. Qc2 Rd2 0-1

[Event "Titled Tue 26th Aug Early"]
[Site "chess.com INT"]
[Date "2025.08.26"]
[Round "3"]
[White "Kurpiewski, Slawomir"]
[Black "Brown, Akeem"]
[Result "1-0"]
[WhiteTitle "CM"]
[BlackTitle "CM"]
[WhiteElo "1973"]
[BlackElo "2063"]
[WhiteFideId "1114530"]
[BlackFideId "7402023"]
[EventDate "2025.08.26"]

1. f4 e5 2. fxe5 d6 3. exd6 Bxd6 4. Nf3 g5 5. g3 g4 6. Nh4 Be7 7. Ng2 h5 8. d4
h4 9. Rg1 hxg3 10. hxg3 Nf6 11. Nf4 c5 12. e3 Nc6 13. c3 Bf5 14. Bd3 Ne4 15. Nd2
Nxd2 16. Qxd2 Bxd3 17. Qxd3 Qb6 18. Nd5 Qd8 19. Nxe7 Qxe7 20. Bd2 cxd4 21. cxd4
Rh2 22. O-O-O O-O-O 23. Kb1 Kb8 24. a3 Ne5 25. Qe4 Nf3 26. Qxe7 1-0

[Event "Titled Tue 26th Aug Early"]
[Site "chess.com INT"]
[Date "2025.08.26"]
[Round "3"]
[White "Silwal, Purushottam"]
[Black "Aravindh, Chithambaram VR."]
[Result "0-1"]
[WhiteTitle "CM"]
[BlackTitle "GM"]
[WhiteElo "2129"]
[BlackElo "2723"]
[WhiteFideId "12332313"]
[BlackFideId "5072786"]
[EventDate "2025.08.26"]

1. e4 c5 2. Nf3 g6 3. d4 cxd4 4. Qxd4 Nf6 5. Nc3 Nc6 6. Qa4 d6 7. e5 Ng4 8. Bb5
Nxe5 9. Nxe5 dxe5 10. Be3 Bg7 11. Rd1 Bd7 12. Ne4 Qc7 13. Nc5 Rd8 14. Nxd7 Rxd7
15. Rxd7 Qxd7 16. Bxa7 O-O 17. Bc5 Qd5 18. Bxc6 bxc6 19. Bxe7 Qxg2 20. Rf1 Re8
21. Ba3 Rd8 22. Ke2 e4 23. Qxc6 Qf3+ 0-1

[Event "Titled Tue 26th Aug Early"]
[Site "chess.com INT"]
[Date "2025.08.26"]
[Round "3"]
[White "Advaitt Srikant Koduri"]
[Black "Nandish V S"]
[Result "1-0"]
[WhiteTitle "FM"]
[BlackTitle "CM"]
[WhiteElo "2281"]
[BlackElo "2251"]
[WhiteFideId "25185454"]
[BlackFideId "45084297"]
[EventDate "2025.08.26"]

1. d4 Nf6 2. Nf3 d5 3. Bf4 e6 4. e3 c5 5. c3 Nc6 6. Nbd2 Bd6 7. Bg3 O-O 8. Bd3
b6 9. e4 Be7 10. e5 Nh5 11. a3 a5 12. Qe2 a4 13. Rd1 g6 14. O-O Ng7 15. Bf4 Bb7
16. Qe3 1-0

[Event "Titled Tue 26th Aug Early"]
[Site "chess.com INT"]
[Date "2025.08.26"]
[Round "3"]
[White "Manvelyan, Mikayel"]
[Black "Firouzja, Alireza"]
[Result "0-1"]
[WhiteTitle "FM"]
[BlackTitle "GM"]
[WhiteElo "2386"]
[BlackElo "2766"]
[WhiteFideId "13310143"]
[BlackFideId "12573981"]
[EventDate "2025.08.26"]

1. d4 Nf6 2. c4 e6 3. Nf3 d5 4. g3 Be7 5. Bg2 O-O 6. O-O dxc4 7. Qc2 a6 8. a4
Bd7 9. Qxc4 Bc6 10. Bf4 a5 11. Nc3 Na6 12. Ne5 Bxg2 13. Kxg2 Nd5 14. Bd2 Nab4
15. Nf3 f5 16. Rad1 c6 17. Rfe1 Qe8 18. Ne5 Bd6 19. e4 fxe4 20. Nxe4 Bxe5 21.
dxe5 Qg6 22. Nd6 Nd3 23. Rf1 Nxb2 24. Qd4 Nxd1 25. Rxd1 b5 26. f4 b4 27. Rf1 b3
28. h3 Rab8 29. Nc4 Rfd8 30. Bxa5 Qc2+ 31. Rf2 Qxc4 32. Qxc4 Ne3+ 33. Kf3 Nxc4
34. Bxd8 Rxd8 0-1

[Event "Titled Tue 26th Aug Early"]
[Site "chess.com INT"]
[Date "2025.08.26"]
[Round "3"]
[White "Germanovs, Georgijs"]
[Black "Pandey, Srishti"]
[Result "1-0"]
[WhiteTitle "CM"]
[BlackTitle "WIM"]
[WhiteElo "2260"]
[BlackElo "2202"]
[WhiteFideId "11609710"]
[BlackFideId "35093290"]
[EventDate "2025.08.26"]

1. Nf3 Nf6 2. c4 g6 3. Nc3 d6 4. d4 Bg7 5. g3 O-O 6. Bg2 Nbd7 7. O-O e5 8. dxe5
dxe5 9. e4 c6 10. Qe2 Qe7 11. Rd1 Nc5 12. b3 a5 13. Ba3 Be6 14. Na4 Nfd7 15.
Rxd7 Qxd7 16. Bxc5 Qc7 17. Bxf8 Bxf8 18. Rd1 Rb8 19. c5 Be7 20. Nd2 Rd8 21. Nc4
f6 22. h4 Kg7 23. Rxd8 Qxd8 24. Qd2 Qd4 25. Qxd4 exd4 26. Nxa5 d3 27. Kf1 Bg4
28. f3 Be6 29. Nxb7 f5 30. e5 f4 31. Nb2 d2 32. gxf4 Bxh4 33. Ke2 Bg3 34. Nd3
Bf5 35. Kxd2 Bxd3 36. Kxd3 Bxf4 37. Ke4 1-0

[Event "Titled Tue 26th Aug Early"]
[Site "chess.com INT"]
[Date "2025.08.26"]
[Round "3"]
[White "Paichadze, Luka"]
[Black "Zampronha, Wladimir Camilo"]
[Result "1-0"]
[WhiteTitle "GM"]
[WhiteElo "2520"]
[BlackElo "2157"]
[WhiteFideId "13602934"]
[BlackFideId "2103087"]
[EventDate "2025.08.26"]

1. e4 c5 2. Nf3 e6 3. c3 Nf6 4. Bd3 d5 5. e5 Nfd7 6. Bc2 b5 7. d4 a5 8. O-O a4
9. Re1 Be7 10. Nbd2 a3 11. Nf1 axb2 12. Bxb2 Nc6 13. Ng3 g6 14. Qd2 h5 15. h3 b4
16. cxb4 cxd4 17. b5 Nb4 18. Nxd4 Nxc2 19. Qxc2 Qb6 20. a4 Bb4 21. Rec1 Bb7 22.
Nc6 Bxc6 23. bxc6 Nc5 24. Bd4 Ra5 25. Rab1 O-O 26. Rxb4 Qxb4 27. Bxc5 1-0

[Event "Titled Tue 26th Aug Early"]
[Site "chess.com INT"]
[Date "2025.08.26"]
[Round "3"]
[White "Swara Lakshmi S Nair"]
[Black "Hajialiyev, Islam"]
[Result "0-1"]
[WhiteTitle "WCM"]
[BlackTitle "CM"]
[WhiteElo "2138"]
[BlackElo "2138"]
[WhiteFideId "25629239"]
[BlackFideId "13442724"]
[EventDate "2025.08.26"]

1. e4 e6 2. d4 d5 3. Nd2 Be7 4. e5 c5 5. c3 Nc6 6. Ngf3 Qb6 7. Nb3 cxd4 8. cxd4
Bd7 9. Bd3 Nb4 10. Be2 Bb5 11. O-O Bxe2 12. Qxe2 Qa6 13. Qxa6 Nxa6 14. Bg5 Bxg5
15. Nxg5 h6 16. Nf3 Ne7 17. Rac1 b6 18. Rc3 Kd7 19. a3 Rhc8 20. Rfc1 Rxc3 21.
Rxc3 Nc6 22. Kf1 Nc7 23. Ke2 a5 24. Kd3 a4 25. Nbd2 b5 26. Rc1 b4 27. Ne1 Nb5
28. Nc2 b3 29. Nb4 Nbxd4 30. Nxc6 Nxc6 31. f4 Na5 32. Rc5 Nb7 33. Rb5 Kc6 34.
Rb4 Nc5+ 35. Kd4 Ra5 36. Nb1 Na6 37. Nc3 Nxb4 38. axb4 a3 39. bxa5 a2 0-1

[Event "Titled Tue 26th Aug Early"]
[Site "chess.com INT"]
[Date "2025.08.26"]
[Round "3"]
[White "Bortnyk, Olexandr"]
[Black "Mekhitarian, Krikor Sevag"]
[Result "1-0"]
[WhiteTitle "GM"]
[BlackTitle "GM"]
[WhiteElo "2601"]
[BlackElo "2549"]
[WhiteFideId "14120828"]
[BlackFideId "2107660"]
[EventDate "2025.08.26"]

1. e4 c5 2. Nf3 Nc6 3. c3 Nf6 4. e5 Nd5 5. a3 d6 6. d4 cxd4 7. cxd4 dxe5 8. dxe5
Bg4 9. Nbd2 e6 10. Qa4 Bxf3 11. Nxf3 Bc5 12. Bb5 O-O 13. O-O Nce7 14. Bg5 h6 15.
Bh4 a6 16. Bd3 Qe8 17. Qe4 Ng6 18. Bg3 Rd8 19. Rac1 Ba7 20. h4 f5 21. exf6 Nxf6
22. Qxg6 1-0

[Event "Titled Tue 26th Aug Early"]
[Site "chess.com INT"]
[Date "2025.08.26"]
[Round "3"]
[White "Shafer, Logan C"]
[Black "Harriott, Tyrell"]
[Result "1-0"]
[WhiteTitle "CM"]
[WhiteElo "2234"]
[BlackElo "1933"]
[WhiteFideId "30993342"]
[BlackFideId "2086484"]
[EventDate "2025.08.26"]

1. e4 d5 2. Nc3 dxe4 3. Nxe4 Nf6 4. Nxf6+ gxf6 5. Nf3 Rg8 6. g3 Qd5 7. Bg2 Bg4
8. O-O Nc6 9. h3 Bh5 10. g4 Bg6 11. Nh4 Qc5 12. c3 Bd3 13. Re1 h5 14. Re3 O-O-O
15. b4 Qg5 16. Nf3 Qf4 17. Ne1 hxg4 18. Nxd3 Rxd3 19. Rxd3 Ne5 20. Rd4 Qf5 21.
hxg4 Qe6 22. Qa4 c6 23. Qxa7 Nxg4 24. Qa8+ Kc7 25. Qd8# 1-0

[Event "Titled Tue 26th Aug Early"]
[Site "chess.com INT"]
[Date "2025.08.26"]
[Round "3"]
[White "Bardyk, Artem"]
[Black "Brilej, Jaka"]
[Result "1-0"]
[WhiteTitle "FM"]
[BlackTitle "FM"]
[WhiteElo "2332"]
[BlackElo "2334"]
[WhiteFideId "34349979"]
[BlackFideId "14618818"]
[EventDate "2025.08.26"]

1. e4 c5 2. d4 cxd4 3. Qxd4 Nc6 4. Qd3 e6 5. Nc3 Nf6 6. Bf4 Bb4 7. Ne2 d5 8.
O-O-O O-O 9. exd5 exd5 10. Nxd5 Nxd5 11. Qxd5 Qf6 12. Qg5 Qe6 13. a3 Be7 14. Qb5
a6 15. Qb6 Qf5 16. Be3 Be6 17. Ng3 Qe5 18. Bd3 Rac8 19. Rhe1 Bf6 20. Kb1 Qb8 21.
Ne4 Bd8 22. Qc5 Be7 23. Qh5 g6 24. Qh6 Ne5 25. Ng5 Bxg5 26. Bxg5 Ng4 27. Qh4 f6
28. Rxe6 1-0

[Event "Titled Tue 26th Aug Early"]
[Site "chess.com INT"]
[Date "2025.08.26"]
[Round "3"]
[White "Parfenov, Viktor N."]
[Black "Arca, Christian Gian Karlo"]
[Result "0-1"]
[WhiteTitle "CM"]
[BlackTitle "FM"]
[WhiteElo "2193"]
[BlackElo "2407"]
[WhiteFideId "4165969"]
[BlackFideId "5258138"]
[EventDate "2025.08.26"]

1. d4 e6 2. e4 c5 3. Nf3 d5 4. exd5 exd5 5. Bb5+ Nc6 6. O-O Nf6 7. Re1+ Be7 8.
Ne5 Bd7 9. Nxd7 Qxd7 10. dxc5 O-O 11. Bg5 Qf5 12. Bxc6 Bxc5 13. Bxf6 Bxf2+ 14.
Kh1 Bxe1 15. Qxe1 Qxf6 16. Bxd5 Rfe8 17. Qg1 Qxb2 18. Nd2 Rad8 19. Nc4 Qc3 20.
Rd1 Rxd5 21. Rxd5 Qxc4 22. Rd1 0-1

[Event "Titled Tue 26th Aug Early"]
[Site "chess.com INT"]
[Date "2025.08.26"]
[Round "3"]
[White "Murthy, Pappu"]
[Black "Cave, Iwan"]
[Result "0-1"]
[WhiteElo "1836"]
[BlackElo "2136"]
[WhiteFideId "2013401"]
[BlackFideId "495948"]
[EventDate "2025.08.26"]

1. e4 c5 2. d4 cxd4 3. c3 dxc3 4. Nxc3 e6 5. Nf3 Nc6 6. Bb5 Bb4 7. a3 Bxc3+ 8.
bxc3 Nge7 9. O-O O-O 10. h4 d5 11. e5 Qa5 12. a4 Ng6 13. Re1 Qxc3 14. Ba3 Rd8
15. h5 Ngxe5 16. Nxe5 Nxe5 17. h6 a6 18. Rc1 Qxa3 19. Rxe5 axb5 20. Ra1 Qe7 21.
Qg4 g6 22. Rae1 Rxa4 23. Qg3 Bd7 24. f4 Bc6 0-1

[Event "Titled Tue 26th Aug Early"]
[Site "chess.com INT"]
[Date "2025.08.26"]
[Round "3"]
[White "Nedelcu, Teodor-Cosmin"]
[Black "Simonovic, Miroslav"]
[Result "1-0"]
[WhiteTitle "FM"]
[BlackTitle "CM"]
[WhiteElo "2281"]
[BlackElo "2092"]
[WhiteFideId "1246305"]
[BlackFideId "919152"]
[EventDate "2025.08.26"]

1. d4 Nf6 2. c4 c5 3. d5 b5 4. Nd2 bxc4 5. e4 d6 6. Bxc4 Nbd7 7. Ne2 g6 8. O-O
Bg7 9. Nc3 O-O 10. Re1 Nb6 11. Bd3 Ng4 12. Qc2 Bd4 13. Nd1 Ne5 14. Bf1 c4 15.
Nxc4 Nbxc4 16. Bxc4 Qb6 17. Be3 Bg4 18. Bxd4 Qxd4 19. Ne3 Bf3 20. gxf3 Nxf3+ 21.
Kg2 Nxe1+ 22. Rxe1 Rab8 23. b3 f5 24. Qd3 Qe5 25. Nf1 f4 26. f3 Qg5+ 27. Kh1 h5
28. Nd2 Qh4 29. Rg1 g5 30. Qe2 Kh7 31. Qe1 1-0

[Event "Titled Tue 26th Aug Early"]
[Site "chess.com INT"]
[Date "2025.08.26"]
[Round "3"]
[White "Khadour, Ismael"]
[Black "Siva Kumar, Nirish Kumar"]
[Result "0-1"]
[WhiteTitle "FM"]
[BlackTitle "FM"]
[WhiteElo "1992"]
[BlackElo "2214"]
[WhiteFideId "7601930"]
[BlackFideId "35820802"]
[EventDate "2025.08.26"]

1. e4 c6 2. d4 d5 3. Nc3 dxe4 4. Nxe4 Nf6 5. Nxf6+ exf6 6. c3 Bd6 7. Bd3 O-O 8.
Qc2 Re8+ 9. Ne2 g6 10. h4 Be6 11. h5 f5 12. hxg6 fxg6 13. Bh6 Nd7 14. O-O-O Bf7
15. g4 fxg4 16. Rdg1 Nf6 17. Nf4 Bxf4+ 18. Bxf4 Qd5 19. Be5 Rxe5 20. dxe5 Qxe5
21. Re1 Qf4+ 22. Qd2 Qxd2+ 23. Kxd2 Rd8 24. b3 Nd5 25. Kc2 b5 26. Be4 h5 27. Rd1
Re8 28. Rhe1 Kg7 29. Bxd5 Rxe1 30. Rxe1 Bxd5 31. Re7+ Kh6 32. Rxa7 h4 33. Ra8 h3
34. c4 bxc4 35. bxc4 Be4+ 36. Kd2 Kg7 37. Ra7+ Kh6 38. Ra8 g5 39. Ke3 h2 40. Rb8
h1=Q 0-1

[Event "Titled Tue 26th Aug Early"]
[Site "chess.com INT"]
[Date "2025.08.26"]
[Round "3"]
[White "Yeletsky, Ivan"]
[Black "Molaei, Mohammadamin"]
[Result "1-0"]
[WhiteTitle "FM"]
[BlackTitle "IM"]
[WhiteElo "2469"]
[BlackElo "2325"]
[WhiteFideId "24180327"]
[BlackFideId "12541451"]
[EventDate "2025.08.26"]

1. Nc3 c5 2. d4 cxd4 3. Qxd4 Nc6 4. Qh4 e6 5. Qxd8+ Kxd8 6. Nf3 d6 7. e4 a6 8.
Bf4 Kc7 9. a4 Nge7 10. Ng5 Ng6 11. Nxf7 Nxf4 12. Nxh8 Nd4 13. O-O-O e5 14. g3
Nh3 15. Nd5+ Kc6 16. Rd2 g6 17. Nf7 Be6 18. Bxh3 Bxf7 19. Kb1 Bh6 20. Rd3 Bxd5
21. Rc3+ Bc4 22. Rxc4+ Kb6 23. Rd1 Rf8 24. f4 Bg7 25. c3 1-0

[Event "Titled Tue 26th Aug Early"]
[Site "chess.com INT"]
[Date "2025.08.26"]
[Round "3"]
[White "Srihari, L"]
[Black "Raghav V"]
[Result "1-0"]
[WhiteTitle "IM"]
[BlackTitle "FM"]
[WhiteElo "2368"]
[BlackElo "2343"]
[WhiteFideId "46642056"]
[BlackFideId "25922475"]
[EventDate "2025.08.26"]

1. c4 Nf6 2. Nc3 d5 3. cxd5 Nxd5 4. Nf3 g6 5. g3 Bg7 6. Bg2 O-O 7. O-O Nxc3 8.
bxc3 c5 9. d4 cxd4 10. cxd4 Nc6 11. e3 Be6 12. a4 Bd5 13. Ba3 Re8 14. Re1 Be4
15. Rc1 e5 16. dxe5 Nxe5 17. Nxe5 Bxg2 18. Qxd8 Rexd8 19. Nxf7 Rd3 20. Kxg2 Rxa3
21. Ng5 Rxa4 22. Red1 Ra5 23. h4 h6 24. Ne6 Be5 25. Rd7 Re8 26. Nf4 Bxf4 27.
gxf4 b5 28. Rcc7 Ra6 29. Rg7+ Kh8 30. Rh7+ Kg8 31. Rcg7+ Kf8 32. Rb7 Rb6 33.
Rh8# 1-0